01081nam a2200157 a 4500041000800000100002600008245012700034260005300161300001000214520058600224650001900810650001800829650001600847650003000863650003000893 aspa aGasca, Héctor Jaime aProtocolos para el manejo de especies de escarabajos Dynastes spp. en sistemas de aprovechamiento comercialbinforme final aBogotábInstituto Alexander von Humboldtc2003 a22 p. aSe analizan los factores ecológicos determinantes para el aprovechamiento y manejo sostenible de poblaciones de escarabajos Dynastes spp. como: biología, nivel ecosistémico, demografía y ecología trófica. Se diseña un modelo para la implementación del aprovechamiento de poblaciones de escarabajos Dynastes spp. in situ. Se analiza la factibilidad biológica que permite conocer el estado actual del recurso, es decir, se hace un diagnóstico preliminar de las poblaciones de escarabajos y de la condición y/o calidad del hábitat en donde estas se encuentran. aConservación aBiodiversidad aEscarabajos aAprovechamiento comercial aEcología de poblaciones